MARC details
| 000 -LEADER |
| campo de control de longitud fija |
01921nac a2200301 a 4500 |
| 003 - IDENTIFICADOR DE NÚMERO DE CONTROL |
| campo de control |
CO-PeBPM |
| 005 - FECHA Y HORA DE LA ÚLTIMA TRANSACCIÓN |
| campo de control |
20251108114146.0 |
| 008 - DATOS DE LONGITUD FIJA--INFORMACIÓN GENERAL |
| campo de control de longitud fija |
251108s2025 ck a|||| |||| 00| 0 spa d |
| 020 ## - NÚMERO INTERNACIONAL ESTÁNDAR DEL LIBRO |
| Número Internacional Estándar del Libro |
9786289626827 |
| 040 ## - FUENTE DE CATALOGACIÓN |
| Centro catalogador/agencia de origen |
CO-PeBPM |
| Lengua de catalogación |
spa |
| Centro/agencia transcriptor |
CO-PeBPM |
| Normas de descripción |
rda |
| 041 ## - CÓDIGO DE IDIOMA |
| Código de lengua del texto/banda sonora o título independiente |
spa |
| 082 04 - NÚMERO DE LA CLASIFICACIÓN DECIMAL DEWEY |
| Número de clasificación |
306.1 S799s |
| Número de edición |
22 |
| 100 1# - ENTRADA PRINCIPAL--NOMBRE DE PERSONA |
| Nombre de persona |
Steaua, Ross |
| Término indicativo de función/relación |
autor |
| 245 10 - MENCIÓN DEL TÍTULO |
| Título |
Si el punk ha muerto, nosotros somos la venganza |
| Resto del título |
: Compilación de historias prohibidas |
| Mención de responsabilidad, etc. |
/ Ross Steaua ; ilustraciones de Max Vadalá |
| 250 ## - MENCION DE EDICION |
| Mención de edición |
edición especial |
| 260 ## - PUBLICACIÓN, DISTRIBUCIÓN, ETC. |
| Lugar de publicación, distribución, etc. |
Bogotá, Colombia |
| Nombre del editor, distribuidor, etc. |
: Prosa del Mundo |
| Fecha de publicación, distribución, etc. |
, 2025 |
| 300 ## - DESCRIPCIÓN FÍSICA |
| Extensión |
94 páginas |
| Otras características físicas |
ilustraciones en blanco y negro |
| Dimensiones |
; 22 centimetros |
| 490 ## - MENCIÓN DE SERIE |
| Mención de serie |
Plan Nacional de Lectura, Escritura y Oralidad / Ministerio de las Culturas, las Artes y los Saberes |
| 500 ## - NOTA GENERAL |
| Nota general |
Incluye índice |
| 520 ## - RESUMEN, ETC. |
| Sumario, etc. |
"Porque eso es lo que queda, el círculo que siempre late en el fondo: por más que uno se esfuerce, que se retuerza, por más que uno cambie, siempre vuelve a la misma parte, ternorna al mismo, estado, porque solo se patina, no se avanza. Porque siempre está haí es la tentación de la renuncia, la llamada del fracaso. El deseo de pararse en cualquier esquina con un parlante y una botella de alcohol barato. Como el hipnotismo que siente el ojo ante la fogata encendida. Eso es el punk. La puta fuerza que después de comer mierda nos permite sonreír como si fuera caviar. La semilla que estalla y brilla en el fondo de la hoguera. La raíz de la que se cuelga un río. El punk es la flor ascendente entre tanta porquería". |
| 521 ## - NOTA DE PÚBLICO DESTINATARIO |
| Nota de público destinatario |
Recomendado para jóvenes y adultos |
| 650 14 - PUNTO DE ACCESO ADICIONAL DE MATERIA--TÉRMINO DE MATERIA |
| Término de materia o nombre geográfico como elemento de entrada |
Cultura Punk - Relatos personales |
| Fuente del encabezamiento o término |
LEMB |
| 650 14 - PUNTO DE ACCESO ADICIONAL DE MATERIA--TÉRMINO DE MATERIA |
| Término de materia o nombre geográfico como elemento de entrada |
Cultura Urbana - Relatos personales |
| Fuente del encabezamiento o término |
LEMB |
| 650 14 - PUNTO DE ACCESO ADICIONAL DE MATERIA--TÉRMINO DE MATERIA |
| Término de materia o nombre geográfico como elemento de entrada |
Punk Rock - Relatos personales |
| Fuente del encabezamiento o término |
LEMB |
| 700 1# - ENTRADA AGREGADA--NOMBRE PERSONAL |
| Nombre de persona |
Vadalá, Max |
| Término indicativo de función/relación |
ilustrador |
| 942 ## - ELEMENTOS DE ENTRADA SECUNDARIOS (KOHA) |
| Fuente del sistema de clasificación o colocación |
Clasificación Decimal Dewey |
| Tipo de ítem Koha |
Libros |
| Suprimir en OPAC |
No |